书目信息 |
| 题名: |
科技英语词素
|
|
| 作者: | 詹贤〓 著 | |
| 分册: | ||
| 出版信息: | 北京 知识出版社 1985 |
|
| 页数: | 517页 | |
| 开本: | 19cm | |
| 丛书名: | ||
| 单 册: | ||
| 中图分类: | H314.1 | |
| 科图分类: | ||
| 主题词: | 英语--构词法 | |
| 电子资源: | ||
| ISBN: | ||
| 000 | 00597nam0 2200229 45 | |
| 001 | 0185013579 | |
| 005 | 20060805104250.03 | |
| 010 | @dCNY2.60 | |
| 091 | @a17214.46 | |
| 100 | @a19951023d1985 em y0chiy0121 ea | |
| 101 | 0 | @achi |
| 102 | @aCN@b110000 | |
| 105 | @ay z 000yy | |
| 200 | 10 | @a科技英语词素@Ake ji ying yu ci su@f詹贤〓著@FZhan Xian〓Zhu |
| 210 | @a北京@c知识出版社@d1985 | |
| 215 | @a517页@d19cm | |
| 606 | 0 | @a英语@x构词法 |
| 690 | @aH314.1@v3 | |
| 701 | 0 | @a詹贤〓@4著 |
| 801 | 2 | @aCN@bNLC@c20060805 |
| 801 | 0 | @aCN@b深圳图书馆@c20040507 |
| 905 | @dH314.1@e143@f1@b152355 | |
| 科技英语词素/詹贤〓著.-北京:知识出版社,1985 |
| 517页;19cm |
| ISBN :CNY2.60 |
| ● |
| 相关链接 |
|
|
|
|
正题名:科技英语词素
索取号:H314.1/143
 
预约/预借
| 序号 | 登录号 | 条形码 | 馆藏地/架位号 | 状态 | 备注 |
| 1 | 0150908 | 000885901 | 第四借阅区/ [索取号:H314.1/143] | 在馆 | |
| 2 | 0150909 | 000885947 | 第二样本阅览室/ [索取号:H314.1/143] | 在馆 | |
| 3 | 0152353 | 000885894 | 密集书库/ [索取号:H314.1/143] | 在馆 | |
| 4 | 0152354 | 000885938 | 密集书库/ [索取号:H314.1/143] | 在馆 | |
| 5 | 0152355 | 001386574 | 密集书库/ [索取号:H314.1/143] | 在馆 | |
| 6 | 0444787 | 204447875 | 密集书库/ [索取号:H314.1/143] | 在馆 |